DO YOU KNOW THESE FLAGS (11) - Statistics

General Stats
  • This quiz has been taken 9 times
  • The average score is 8 of 18
Answer Stats
Picture Answer % Correct
Maurya Empire
67%
Mexican Empire
67%
Mongol Empire
67%
Macedonian Empire
56%
Maghreb Union
56%
Maravi Empire
56%
Lan Xang
44%
Maphilindo Confederation
44%
Marinid Dynasty
44%
Mughal Empire
44%
Principality of Moldavia
44%
Levant
33%
Mali Empire
33%
Mamluk Sultanate
33%
Mayan Empire
33%
Kingdom of Merina (Imerina)
22%
Mandingo Federation
22%
Kingdom of Mutapa
11%
No matching quizzes found
Score Distribution
Percent of People with Each Score
Percentile by Number Answered
Your Score History
You have not taken this quiz